| Tag |
First Indicator |
Second Indicator |
Subfields |
| LEADER |
00000cam a2200000 i 4500 |
| 001 |
in00003489513 |
| 005 |
20151106040443.0 |
| 008 |
141125t20152015ncu b 001 0 eng |
| 010 |
|
|
|a 2014044427
|
| 020 |
|
|
|a 9780786496310 (softcover alk. paper)
|
| 020 |
|
|
|a 0786496312 (softcover alk. paper)
|
| 020 |
|
|
|z 9781476619620 (ebook)
|
| 035 |
|
|
|a (OCoLC)ocn897001675
|
| 040 |
|
|
|a DLC
|e rda
|c DLC
|d UtOrBLW
|
| 049 |
|
|
|a TXAM
|
| 050 |
0 |
0 |
|a PS3563.A7239
|b S5935 2015
|
| 082 |
0 |
0 |
|a 813/.54
|2 23
|
| 245 |
0 |
0 |
|a Mastering The game of thrones :
|b essays on George R.R. Martin's A song of ice and fire /
|c edited by Jes Battis and Susan Johnston.
|
| 264 |
|
1 |
|a Jefferson, North Carolina :
|b McFarland & Company, Inc., Publishers,
|c [2015]
|
| 264 |
|
4 |
|c ©2015
|
| 300 |
|
|
|a ix, 297 pages ;
|c 23 cm.
|
| 336 |
|
|
|a text
|b txt
|2 rdacontent
|
| 337 |
|
|
|a unmediated
|b n
|2 rdamedia
|
| 338 |
|
|
|a volume
|b nc
|2 rdacarrier
|
| 504 |
|
|
|a Includes bibliographical references and index.
|
| 505 |
0 |
|
|a Introduction: on knowing nothing / Susan Johnston and Jes Battis -- Language and narration. The languages of ice and fire / David J. Peterson -- "Sing for your little life": story, discourse and character / Marc Napolitano -- What maesters knew: narrating knowing / Brian Cowlishaw -- Histories. "Just songs in the end": historical discourses in Shakespeare and Martin / Jessica Walker -- Dividing lines: Frederick Jackson Turner's Western frontier and George R.R. Martin's Northern wall / Michail Zontos -- Philosophies. "All men must serve": religion and free will from The seven to The faceless men / Ryan Mitchell Wittingslow -- "Silk ribbons tied around a sword": knighthood and the chivalric virtues in westeros / Charles H. Hackney -- Bodies. Cursed womb, bulging thighs and bald scalp: George R.R. Martin's grotesque queen / Karin Gresham -- "A thousand bloodstained hands": the malleability of flesh and identity / Beth Kozinsky -- A thousand westerosi plateaus: wargs, wolves and ways of being / T.A. Leederman -- Intimacies. Sex and the citadel: adapting same sex desire from Martin's westeros to HBO's bedrooms / David C. Nel -- Beyond the pale? craster and the pathological reproduction of houses in westeros / Marcel Decoste -- Adaptations. The hand of the artist: fan art in the martinverse / Andrew Howe -- "A reader lives a thousand lives before he dies": transmedia textuality and the flows of adaptation / Zoe Shacklock.
|
| 520 |
|
|
|a This volume represents the first sustained scholarly treatment of George R.R. Martin's groundbreaking work, and includes writing by experts involved in the production of the show. The contributors investigate a number of compelling areas, including the mystery of the shape-shifting wargs, the conflict between religions the origins of the Dothraki language and the sex lives of knights.
|
| 600 |
1 |
0 |
|a Martin, George R. R.
|t Song of ice and fire.
|
| 700 |
1 |
|
|a Battis, Jes,
|d 1979-
|e editor.
|
| 700 |
1 |
|
|a Johnston, Susan,
|d 1964-
|e editor.
|
| 730 |
0 |
|
|a Game of thrones (Television program)
|
| 945 |
|
|
|a PromptCat
|b 106936
|
| 946 |
|
|
|a stk
|
| 947 |
|
|
|a A14842957806
|
| 948 |
|
|
|a cataloged
|b h
|c 2015/3/16
|d c
|e dmitchel
|f 3:50:30 pm
|
| 994 |
|
|
|a 92
|b TXA
|
| 999 |
|
|
|a MARS
|
| 999 |
f |
f |
|s 2d5671e7-e122-3b6c-a2b7-2b80164868f7
|i 49e24398-ee6a-3b37-91ea-eaac2e9424f2
|t 0
|
| 952 |
f |
f |
|p normal
|a Texas A&M University
|b College Station
|c Sterling C. Evans Library
|d Evans: Library Stacks
|t 0
|e PS3563.A7239 S5935 2015
|h Library of Congress classification
|i unmediated -- volume
|m A14842957806
|
| 998 |
f |
f |
|a PS3563.A7239 S5935 2015
|t 0
|l Evans: Library Stacks
|